Guinness book of the business world (Record no. 31687)

MARC details
000 -LEADER
fixed length control field 00314nam a2200121Ia 4500
082 ## - DEWEY DECIMAL CLASSIFICATION NUMBER
Classification number 030.1:711.552
Item number BUT
100 ## - MAIN ENTRY--AUTHOR NAME
Personal name Button, H G
245 #0 - TITLE STATEMENT
Title Guinness book of the business world
260 ## - PUBLICATION, DISTRIBUTION, ETC. (IMPRINT)
Place of publication Middlesex
Name of publisher Guinness
Year of publication 1976
700 ## - ADDED ENTRY--PERSONAL NAME
Personal name Lampert, A P
942 ## - ADDED ENTRY ELEMENTS (KOHA)
Koha item type Books
Holdings
Withdrawn status Lost status Damaged status Not for loan Home library Current library Date acquired Cost, normal purchase price Full call number Accession Number Koha item type
        RRII Library RRII Library 16/12/2021 6.50 030.1:711.552 BUT 12228 Books